000 00259nam a2200109Ia 4500
005 20251222175939.0
008 251222s9999||||xx |||||||||||||| ||spa||
082 _a629.8/K25
100 _aKatzan, Harry Jr.
245 0 _aProductividad y Robótica
942 _cLIB
999 _c41310
_d41310